Представление документа в формате MARC21

Поле Инд. ПП Название Значение
Тип записи a
Библиографический уровень m
001 _ Контрольный номер BIBLIOCLUB\0000471216
005 _ Дата корректировки 20250915104141.8
008 Кодируемые данные 210927j2017 RU y |||| 000 0 rus u
020 a ISBN 978-5-906839-87-9
040 a Служба первич. каталог. Директ-Медиа
c Служба, преобразующая запись Директ-Медиа
041 a Код языка текста rus
044 a Код страны публикации RU
080 a Индекс УДК 796/799
084 2 Источник индекса rubbk
a Индекс другой классификации/Индекс ББК 75.1
100 1_ a Автор Ланда Б. Х.
4 Код отношения 070
245 a Заглавие Диагностика физического состояния: обучающие методика и технология
b Продолж. заглавия учебное пособие
c Ответственность Б. Х. Ланда
260 a Место издания Москва
b Издательство Спорт
c Дата издания 2017
300 a Объем 129 с.
b Иллюстрации/ тип воспроизводства схем., табл.
504 a Библиография Библиогр. в кн
520 a Аннотация Предлагаемое пособие посвящено обучению методике и технологии измерения и оценки важнейших показателей здоровья по тестам физического развития и физической подготовленности. Мониторинговые исследования помогут контролировать организацию здоровьесберегающей деятельности образовательных учреждений, а также результативность внедрения нового комплекса «Готов к труду и обороне» (ГТО).Учебное пособие предназначено для работников системы образования, преподавателей физической культуры и тренеров, специалистов, отвечающих за здоровье учащихся в образовательных учреждениях, студентов специализации «Спортивный менеджер» и «Менеджер здоровья».
538 a Прим. о системных особенностях Режим доступа: электронная библиотечная система «Университетская библиотека ONLINE», требуется авторизация
856 4_ u URL https://biblioclub.ru/index.php?page=book&id=471216
a Имя сервера/домена Режим доступа: электронная библиотечная система «Университетская библиотека ONLINE», требуется авторизация
z Примечание для пользователя Участвует в КО